| 000 | 00752na a2200253 4500 | ||
|---|---|---|---|
| 001 | 17408 | ||
| 003 | MIRAKIL | ||
| 005 | 20181213154925.0 | ||
| 008 | 161024b tu 000 0 | ||
| 020 | _a975347086X | ||
| 040 |
_aMilas _btur _cTR-AnCHP |
||
| 041 | _atur | ||
| 082 |
_a346.0263 _bY35h 1999 |
||
| 090 | _a346.0263 Y35h 1999 | ||
| 100 | _aYener, M. Serhat | ||
| 245 |
_aHukuk Usulü Muhakemeleri Kanunu ve ilgili mevzuat _cM. Serhat Yener |
||
| 250 | _a4. bs. | ||
| 260 |
_aAnkara _bSeçkin _c1999 |
||
| 300 |
_a396 s. _c14 sm. |
||
| 490 |
_aKanun Metinleri serisi _v11 |
||
| 650 |
_aÖzel hukuk _xHukuk usulü muhakemeleri _yTürkiye _zKanunlar |
||
| 651 |
_aTürkiye _xHukuk Usulü Muhakemeleri Kanunu (HUMK), 1927 |
||
| 942 |
_2ddc _cBKS |
||
| 999 |
_c3237 _d3237 |
||